[Event "Daventry 4NCL op-A 30th"]
[Site "Daventry"]
[Date "2023.06.17"]
[Round "3"]
[White "Lawton, Geoffrey W"]
[Black "Verma, Shlok"]
[Result "1-0"]
[WhiteElo "2369"]
[BlackElo "1986"]
[PlyCount "99"]
[EventDate "2023.06.16"]
[EventType "swiss"]
[EventRounds "5"]
[EventCountry "ENG"]
[SourceTitle "CBM 214 Extra"]
[Source "ChessBase"]
[SourceDate "2023.07.31"]
[SourceVersion "1"]
[SourceVersionDate "2023.07.31"]
[SourceQuality "1"]

1. Nf3 d5 2. e3 Nf6 3. c4 dxc4 4. Bxc4 e6 5. b3 Be7 6. Bb2 a6 7. 0-0 b5 8. Be2 0-0 9. a4 b4 10. d3 Bb7 11. Qc2 Nbd7 12. Nbd2 c5 13. Nc4 a5 14. Rac1 Rc8 15. Rfd1 Qc7 16. Qb1 Rfd8 17. e4 Bc6 18. Rf1 Ra8 19. Rc2 Nf8 20. Nfe5 Bb7 21. Qc1 N6d7 22. Qe3 Bf6 23. Nxd7 Nxd7 24. Bxf6 Nxf6 25. Rfc1 Rac8 26. Qg3 Ba6 27. Qxc7 Rxc7 28. Nb2 Rdc8 29. f4 Kf8 30. Kf2 Ke7 31. Ke3 Nd7 32. g3 Nb6 33. Kf2 Kd8 34. d4 Bxe2 35. Kxe2 cxd4 36. Rxc7 Rxc7 37. Rxc7 Kxc7 38. Kd3 Kd6 39. Kxd4 f5 40. Nd1 g6 41. Ne3 h6 42. h3 fxe4 43. Kxe4 h5 44. Kd4 Kc6 45. Nc4 Nxc4 46. Kxc4 Kb6 47. Kd4 Kc6 48. Ke5 Kc5 49. g4 h4 50. g5 1-0

[Event "BCF-chT1a 1415 (4NCL)"]
[Site "England"]
[Date "2015.01.11"]
[Round "4.132"]
[White "Gormally, Daniel"]
[Black "Lawton, Geoffrey W"]
[Result "1-0"]
[WhiteElo "2497"]
[BlackElo "2389"]
[PlyCount "63"]
[EventDate "2014.11.15"]
[EventType "team-swiss"]
[EventRounds "11"]
[EventCountry "ENG"]
[SourceTitle "EXT 2016"]
[Source "ChessBase"]
[SourceDate "2015.10.08"]
[SourceVersion "1"]
[SourceVersionDate "2015.10.08"]
[SourceQuality "1"]
[WhiteTeam "Blackthorne Russia"]
[BlackTeam "Warwicks Select"]
[WhiteTeamCountry "ENG"]
[BlackTeamCountry "ENG"]

1. d4 Nf6 2. Nf3 g6 3. c4 Bg7 4. Nc3 0-0 5. e4 d6 6. Be2 e5 7. 0-0 Nc6 8. d5 Ne7 9. Ne1 Nd7 10. Nd3 f5 11. f3 Nf6 12. Bd2 f4 13. Rc1 g5 14. b4 Ng6 15. c5 Rf7 16. a4 Bf8 17. a5 h5 18. cxd6 Bxd6 19. Nc5 Nf8 20. a6 bxa6 21. N3a4 g4 22. Bxa6 Bxa6 23. Nxa6 h4 24. N6c5 Rg7 25. fxg4 Nxg4 26. h3 Nf6 27. Be1 Rh7 28. Qe2 Qe8 29. Nb2 Qg6 30. Nbd3 Kh8 31. Bc3 Re8 32. Qb2 1-0

[Event "BCF-chT1a 1415 (4NCL)"]
[Site "England"]
[Date "2015.01.10"]
[Round "3.122"]
[White "Lawton, Geoffrey W"]
[Black "Zhou, Yang Fan"]
[Result "0-1"]
[WhiteElo "2389"]
[BlackElo "2461"]
[PlyCount "106"]
[EventDate "2014.11.15"]
[EventType "team-swiss"]
[EventRounds "11"]
[EventCountry "ENG"]
[SourceTitle "EXT 2016"]
[Source "ChessBase"]
[SourceDate "2015.10.08"]
[SourceVersion "1"]
[SourceVersionDate "2015.10.08"]
[SourceQuality "1"]
[WhiteTeam "Warwicks Select"]
[BlackTeam "Guildford II"]
[WhiteTeamCountry "ENG"]
[BlackTeamCountry "ENG"]

1. e4 d5 2. exd5 Qxd5 3. Nf3 Nf6 4. d4 Bg4 5. Be2 e6 6. 0-0 c6 7. h3 Bh5 8. c4 Qd6 9. Nc3 Be7 10. Be3 Nbd7 11. Qd2 0-0 12. Rad1 Qc7 13. a3 Rad8 14. Bf4 Bd6 15. Bxd6 Qxd6 16. b4 Rfe8 17. Qe3 Bxf3 18. Bxf3 Qc7 19. Be2 Nf8 20. f4 Re7 21. Bf3 Red7 22. Ne2 Ng6 23. Rc1 a5 24. Rb1 axb4 25. Rxb4 Nh4 26. Rfb1 Nf5 27. Qe5 Qc8 28. c5 Qa8 29. a4 Nh4 30. Qe3 Nxf3+ 31. Qxf3 Nd5 32. R4b2 g6 33. Ra1 Qa5 34. Kh2 Ra8 35. Kg1 Ra7 36. Qd3 h5 37. Qd2 Qd8 38. a5 Nc7 39. Rba2 Qf6 40. Qe3 Ra8 41. Ra4 Rad8 42. Rb1 Nb5 43. Rbb4 Rd5 44. Rc4 Kg7 45. Rcb4 Ra8 46. Rc4 Qd8 47. Qd2 e5 48. fxe5 Rxe5 49. Qb2 Re8 50. a6 Rxa6 51. Rxa6 bxa6 52. Ra4 Qe7 53. Kf1 Qxe2+ 0-1

[Event "BCF-chT1a 1415 (4NCL)"]
[Site "England"]
[Date "2014.11.15"]
[Round "1.111"]
[White "Speelman, Jonathan S"]
[Black "Lawton, Geoffrey W"]
[Result "1-0"]
[WhiteElo "2497"]
[BlackElo "2399"]
[PlyCount "69"]
[EventDate "2014.11.15"]
[EventType "team-swiss"]
[EventRounds "11"]
[EventCountry "ENG"]
[SourceTitle "EXT 2015"]
[Source "ChessBase"]
[SourceDate "2014.11.20"]
[SourceVersion "1"]
[SourceVersionDate "2014.11.20"]
[SourceQuality "1"]
[WhiteTeam "Wood Green"]
[BlackTeam "Warwicks Select"]
[WhiteTeamCountry "ENG"]
[BlackTeamCountry "ENG"]

1. Nf3 Nf6 2. c4 g6 3. Nc3 Bg7 4. d4 0-0 5. Bg5 d6 6. e3 c5 7. d5 h6 8. Bh4 g5 9. Bg3 Nh5 10. Be2 f5 11. 0-0 Nd7 12. Qc2 Ndf6 13. Bd3 Ng4 14. Rad1 Bd7 15. Ne2 Qc8 16. h3 Nxg3 17. Nxg3 Ne5 18. Nxe5 Bxe5 19. f4 gxf4 20. exf4 Bd4+ 21. Kh2 Rb8 22. Rde1 Rf7 23. Re2 Qf8 24. Rfe1 Re8 25. Re6 Bxe6 26. dxe6 Rf6 27. Nh5 Kh8 28. g3 Qg8 29. Nxf6 Bxf6 30. Bxf5 Qg7 31. Re2 Rg8 32. Rg2 Bd4 33. Qe2 Qf6 34. Bd3 Rb8 35. Qe4 1-0

[Event "BCF-chT2c 1314 (4NCL)"]
[Site "England"]
[Date "2014.05.05"]
[Round "11.211"]
[White "Richardson, John R"]
[Black "Lawton, Geoffrey W"]
[Result "1/2-1/2"]
[WhiteElo "2335"]
[BlackElo "2407"]
[PlyCount "77"]
[EventDate "2013.11.16"]
[EventType "team-tourn"]
[EventRounds "11"]
[EventCountry "ENG"]
[SourceTitle "EXT 2015"]
[Source "ChessBase"]
[SourceDate "2014.11.20"]
[SourceVersion "1"]
[SourceVersionDate "2014.11.20"]
[SourceQuality "1"]
[WhiteTeam "The ADS"]
[BlackTeam "Warwicks Select"]
[WhiteTeamCountry "ENG"]
[BlackTeamCountry "ENG"]

1. d4 Nf6 2. c4 g6 3. g3 Bg7 4. Bg2 0-0 5. Nc3 d6 6. Nf3 Nc6 7. 0-0 Rb8 8. Qc2 a6 9. Rd1 Bd7 10. e4 e5 11. dxe5 dxe5 12. Nd5 Ne8 13. h3 f6 14. b4 Rf7 15. Be3 b5 16. cxb5 axb5 17. Rd3 Ne7 18. Nxe7+ Qxe7 19. Rad1 Be6 20. Bc5 Nd6 21. Bxd6 cxd6 22. Rxd6 Rc8 23. Rc6 Rxc6 24. Qxc6 Bd7 25. Qb6 Bf8 26. a3 Qe6 27. Qxe6 Bxe6 28. Bf1 Ra7 29. Rd3 Rc7 30. Nd2 Rc1 31. Kg2 Kf7 32. Rd8 Ra1 33. Rb8 Rxa3 34. Rxb5 Ra4 35. Rb7+ Kg8 36. Rb6 Kf7 37. Rb7+ Kg8 38. Rb6 Kf7 39. Rb7+ 1/2-1/2

[Event "BCF-chT2c 1314 (4NCL)"]
[Site "England"]
[Date "2014.05.04"]
[Round "10.11"]
[White "Lawton, Geoffrey W"]
[Black "Suarez Garcia, Carlos"]
[Result "0-1"]
[WhiteElo "2407"]
[BlackElo "2376"]
[PlyCount "72"]
[EventDate "2013.11.16"]
[EventType "team-tourn"]
[EventRounds "11"]
[EventCountry "ENG"]
[SourceTitle "EXT 2015"]
[Source "ChessBase"]
[SourceDate "2014.11.20"]
[SourceVersion "1"]
[SourceVersionDate "2014.11.20"]
[SourceQuality "1"]
[WhiteTeam "Warwicks Select"]
[BlackTeam "Hackney"]
[WhiteTeamCountry "ENG"]
[BlackTeamCountry "ENG"]

1. e4 d6 2. d4 Nf6 3. Nc3 g6 4. Be3 Bg7 5. Qd2 c6 6. Nf3 0-0 7. Bh6 b5 8. Bd3 Bg4 9. Bxg7 Kxg7 10. Ng1 e5 11. dxe5 dxe5 12. h3 Be6 13. Nf3 Nbd7 14. Ng5 Qe7 15. 0-0 Rfd8 16. Qe3 Nh5 17. Nxe6+ Qxe6 18. Rfd1 Nf4 19. Bf1 Qe7 20. g3 Ne6 21. Ne2 Qc5 22. Qxc5 Nexc5 23. f3 Nb6 24. b3 a5 25. Kf2 a4 26. Rxd8 Rxd8 27. Ke1 Ra8 28. b4 Ne6 29. Rd1 Rc8 30. f4 c5 31. bxc5 Nxc5 32. Rb1 Nc4 33. fxe5 Na3 34. Rb2 Nxe4 35. Nd4 Rc5 36. Nxb5 Nxc2+ 0-1

[Event "BCF-chT2 0203 (4NCL)"]
[Site "West Bromwich"]
[Date "2003.05.05"]
[Round "11.1"]
[White "Swanson, Stephen"]
[Black "Lawton, Geoffrey W"]
[Result "0-1"]
[WhiteElo "2291"]
[BlackElo "2402"]
[PlyCount "118"]
[EventDate "2002.11.??"]
[EventType "team"]
[EventRounds "11"]
[EventCountry "ENG"]
[SourceTitle "EXT 2004"]
[Source "ChessBase"]
[SourceDate "2003.11.25"]
[SourceVersion "1"]
[SourceVersionDate "2003.11.25"]
[SourceQuality "1"]
[WhiteTeam "Poisoned Pawns"]
[BlackTeam "Warwicks Select"]
[WhiteTeamCountry "ENG"]
[BlackTeamCountry "ENG"]

1. e4 c5 2. Nf3 Nc6 3. Bb5 g6 4. Bxc6 dxc6 5. 0-0 Bg7 6. d3 e5 7. a3 a5 8. Be3 Qe7 9. Nc3 Nf6 10. h3 Nd7 11. Qd2 0-0 12. Bh6 Bxh6 13. Qxh6 a4 14. Nd2 b5 15. Nd1 Ra7 16. Ne3 Qf6 17. g3 Qg7 18. Qxg7+ Kxg7 19. Kg2 Rd8 20. f4 c4 21. dxc4 Nc5 22. Rf2 Rad7 23. Nef1 exf4 24. gxf4 bxc4 25. Re1 Ba6 26. Nf3 Rb8 27. Ne5 Rd6 28. Nd2 f6 29. Nexc4 Bxc4 30. Nxc4 Rd4 31. Na5 Rxb2 32. e5 f5 33. Nxc6 Rc4 34. Nb4 Ne6 35. Kh2 Kf7 36. Rd1 Nxf4 37. Rd7+ Ke6 38. Rxh7 Kxe5 39. Ra7 g5 40. Rxa4 Rc3 41. Ra5+ Ke4 42. Rf1 Rxh3+ 43. Kg1 Rg3+ 44. Kh1 g4 45. Re1+ Re3 46. Rxe3+ Kxe3 47. Rxf5 Rb1+ 48. Kh2 Kf3 49. Rg5 Ne2 50. Rf5+ Ke4 51. Rg5 Kf4 52. Rg8 Kf3 53. Rf8+ Nf4 54. Rg8 Rb2 55. Rg7 Rb1 56. Rg8 Rd1 57. Nd3 Rd2+ 58. Kg1 Kg3 59. Nf2 Nh3+ 0-1

[Event "BCF-chT 9900 (4NCL)"]
[Site "Birmingham"]
[Date "2000.04.30"]
[Round "10.7"]
[White "Palliser, Richard"]
[Black "Lawton, Geoffrey W"]
[Result "1/2-1/2"]
[WhiteElo "2322"]
[BlackElo "2383"]
[PlyCount "123"]
[EventDate "1999.10.??"]
[EventType "team"]
[EventRounds "11"]
[EventCountry "ENG"]
[SourceTitle "EXT 2000"]
[Source "ChessBase"]
[SourceDate "1999.11.16"]
[SourceVersion "1"]
[SourceVersionDate "1999.11.16"]
[SourceQuality "1"]
[WhiteTeam "Barbican"]
[BlackTeam "Slough"]
[WhiteTeamCountry "ENG"]
[BlackTeamCountry "ENG"]

1. d4 d5 2. c4 c6 3. Nf3 Nf6 4. Nc3 a6 5. a4 Bf5 6. Qb3 Ra7 7. Bf4 e6 8. e3 Nbd7 9. h3 h6 10. g4 Bg6 11. Nd2 a5 12. Bg2 Bb4 13. 0-0 0-0 14. Rad1 Re8 15. Rfe1 Ra6 16. e4 dxe4 17. Ndxe4 Nxe4 18. Bxe4 Bxe4 19. Rxe4 Ra8 20. Na2 Bf8 21. Re2 Qb6 22. Qxb6 Nxb6 23. b3 Nd7 24. Nc3 Nf6 25. Kg2 Rac8 26. Kf3 Red8 27. Red2 g6 28. Rd3 Bg7 29. h4 h5 30. g5 Nd7 31. Ne4 Bf8 32. Be5 Bg7 33. Bf4 Bf8 34. Ke2 Ra8 35. Be5 Bg7 36. f4 Bf8 37. Ke3 Re8 38. Nd6 Bxd6 39. Bxd6 Nb6 40. Bc5 Nc8 41. Ba3 Ne7 42. Bxe7 Rxe7 43. Kf3 Rae8 44. Re1 Kf8 45. Re5 Ra8 46. Ke4 Rd7 47. d5 Ke7 48. Re3 cxd5+ 49. cxd5 Rd6 50. Rc3 Kd7 51. dxe6+ fxe6 52. Rec5 Rc6 53. Ke5 Rf8 54. Ke4 Kd6 55. R5c4 Rxc4+ 56. Rxc4 Rf5 57. Rc8 e5 58. fxe5+ Rxe5+ 59. Kd4 Rf5 60. Ke4 Re5+ 61. Kd4 Rf5 62. Ke4 1/2-1/2

[Event "BCF-chT 9900 (4NCL)"]
[Site "Birmingham"]
[Date "2000.04.29"]
[Round "9.7"]
[White "Lawton, Geoffrey W"]
[Black "Tan, Desmond"]
[Result "1/2-1/2"]
[WhiteElo "2383"]
[BlackElo "2179"]
[PlyCount "58"]
[EventDate "1999.10.??"]
[EventType "team"]
[EventRounds "11"]
[EventCountry "ENG"]
[SourceTitle "EXT 2000"]
[Source "ChessBase"]
[SourceDate "1999.11.16"]
[SourceVersion "1"]
[SourceVersionDate "1999.11.16"]
[SourceQuality "1"]
[WhiteTeam "Slough"]
[BlackTeam "Wood Green II"]
[WhiteTeamCountry "ENG"]
[BlackTeamCountry "ENG"]

1. d4 Nf6 2. Nf3 e6 3. c3 b6 4. Bg5 Bb7 5. Nbd2 Be7 6. e3 c5 7. Bd3 cxd4 8. cxd4 h6 9. Bxf6 Bxf6 10. Qe2 a6 11. 0-0 0-0 12. e4 d6 13. e5 Be7 14. Ne4 Nc6 15. a3 dxe5 16. dxe5 Nd4 17. Nxd4 Qxd4 18. Nc3 b5 19. Rad1 Qc5 20. Kh1 Rad8 21. f4 Qb6 22. f5 exf5 23. Bxf5 Kh8 24. Rxd8 Rxd8 25. Bb1 b4 26. axb4 Bxb4 27. Qc2 g6 28. Qc1 Bxc3 29. Qxc3 Qd4 1/2-1/2

[Event "BCF-chT 9899 (4NCL)"]
[Site "England"]
[Date "1999.05.01"]
[Round "9.5"]
[White "Yeo, Michael J"]
[Black "Lawton, Geoffrey W"]
[Result "0-1"]
[WhiteElo "2205"]
[BlackElo "2370"]
[PlyCount "90"]
[EventDate "1998.10.??"]
[EventType "team"]
[EventRounds "11"]
[EventCountry "ENG"]
[SourceTitle "EXT 2000"]
[Source "ChessBase"]
[SourceDate "1999.11.16"]
[SourceVersion "1"]
[SourceVersionDate "1999.11.16"]
[SourceQuality "1"]
[WhiteTeam "Wessex"]
[BlackTeam "Slough"]
[WhiteTeamCountry "ENG"]
[BlackTeamCountry "ENG"]

1. e4 c5 2. Nf3 Nc6 3. d4 cxd4 4. Nxd4 Nf6 5. Nc3 e5 6. Ndb5 d6 7. Bg5 a6 8. Na3 b5 9. Bxf6 gxf6 10. Nd5 f5 11. Nxb5 axb5 12. Bxb5 Bd7 13. exf5 Rb8 14. a4 Qg5 15. 0-0 Rg8 16. g3 Qxf5 17. Ra3 Nd4 18. f4 Bg7 19. fxe5 Qe4 20. Nf6+ Bxf6 21. Re1 Qg4 22. exf6+ Kd8 23. Bxd7 Kxd7 24. Re7+ Kd8 25. Qd2 Rg5 26. Rae3 Rd5 27. Re8+ Kc7 28. R8e7+ Kd8 29. Re8+ Kc7 30. R8e7+ Kc6 31. Rc3+ Rc5 32. Rxc5+ dxc5 33. Qd3 Kd6 34. b3 c4 35. bxc4 Rb1+ 36. Kg2 Rd1 37. c5+ Kd5 38. c4+ Kxc5 39. Qc3 Nc6 40. Qe3+ Nd4 41. a5 Kxc4 42. h3 Qc8 43. Rxf7 Qa8+ 44. Kf2 Qxa5 45. g4 Rd2+ 0-1

[Event "BCF-chT 9899 (4NCL)"]
[Site "England"]
[Date "1998.11.21"]
[Round "3.6"]
[White "Collier, David"]
[Black "Lawton, Geoffrey W"]
[Result "0-1"]
[WhiteElo "2245"]
[BlackElo "2370"]
[PlyCount "134"]
[EventDate "1998.10.??"]
[EventType "team"]
[EventRounds "11"]
[EventCountry "ENG"]
[SourceTitle "EXT 2000"]
[Source "ChessBase"]
[SourceDate "1999.11.16"]
[SourceVersion "1"]
[SourceVersionDate "1999.11.16"]
[SourceQuality "1"]
[WhiteTeam "Bristol"]
[BlackTeam "Slough"]
[WhiteTeamCountry "ENG"]
[BlackTeamCountry "ENG"]

1. d4 d5 2. Bg5 c6 3. Nf3 Qb6 4. b3 Bf5 5. e3 Nd7 6. Bd3 Bxd3 7. Qxd3 Ngf6 8. Nbd2 g6 9. 0-0 Bg7 10. Rae1 0-0 11. e4 dxe4 12. Nxe4 Rfd8 13. Qc4 Nd5 14. Qe2 Bxd4 15. Nxd4 Qxd4 16. c4 N5f6 17. Nxf6+ exf6 18. Be3 Qc3 19. Bd2 Qb2 20. Ba5 Qxe2 21. Rxe2 Re8 22. Rfe1 Kf8 23. Bd2 g5 24. h4 h6 25. f4 gxh4 26. Kh2 Rxe2 27. Rxe2 f5 28. Bc3 f6 29. Kh3 Kf7 30. Kxh4 Rg8 31. g3 Nc5 32. Kh3 Ne4 33. Be1 h5 34. Re3 Rd8 35. Kg2 Rd1 36. Kf3 Ke6 37. Ke2 Ra1 38. a4 Ra2+ 39. Kd3 c5 40. Re2 Ra1 41. Kc2 Kf7 42. Kb2 Rd1 43. Kc2 Rd8 44. Rh2 Kg6 45. Re2 Rg8 46. Rh2 Rh8 47. Rh4 Kf7 48. Rh2 Ke6 49. Re2 Kd6 50. Re3 Rd8 51. Re2 Kc6 52. Rh2 Rh8 53. Re2 b6 54. Re3 Kd6 55. Rd3+ Ke6 56. a5 Rb8 57. axb6 axb6 58. b4 Ra8 59. Kb2 Ra4 60. Rd8 cxb4 61. Rb8 Kd6 62. Rxb6+ Kc5 63. Rb5+ Kxc4 64. Rxf5 Nc5 65. Bd2 b3 66. Kb1 Ra2 67. Bc1 Na4 0-1

[Event "BCF-chT 9798 (4NCL)"]
[Site "England"]
[Date "1998.03.21"]
[Round "7.1"]
[White "Lawton, Geoffrey W"]
[Black "McShane, Luke J"]
[Result "0-1"]
[WhiteElo "2395"]
[BlackElo "2490"]
[PlyCount "80"]
[EventDate "1997.11.??"]
[EventType "team"]
[EventRounds "11"]
[EventCountry "ENG"]
[SourceTitle "CBM 064 Extra"]
[Source "ChessBase"]
[SourceDate "1998.07.07"]
[SourceVersion "1"]
[SourceVersionDate "1998.07.07"]
[SourceQuality "1"]
[WhiteTeam "Northumbria"]
[BlackTeam "Richmond"]
[WhiteTeamCountry "ENG"]
[BlackTeamCountry "ENG"]

1. d4 Nf6 2. c4 g6 3. Nc3 Bg7 4. e4 d6 5. Be2 0-0 6. Nf3 e5 7. 0-0 Nc6 8. d5 Ne7 9. Ne1 Nd7 10. Be3 f5 11. f3 f4 12. Bf2 g5 13. a4 Nf6 14. c5 Ng6 15. a5 h5 16. cxd6 cxd6 17. Nb5 g4 18. Kh1 h4 19. fxg4 Nxe4 20. Bd3 Ng3+ 21. Bxg3 fxg3 22. Rxf8+ Qxf8 23. Qf3 Nf4 24. Qe4 Qe7 25. h3 Bd7 26. Nc3 Bh6 27. Nf3 Rf8 28. g5 Nxd3 29. Qxd3 Bg7 30. Ne4 Rf4 31. Rc1 Bf5 32. Nfd2 Qxg5 33. Rc8+ Bf8 34. Rc4 Qg6 35. Qe2 Qf7 36. Nc3 Bg6 37. Nf3 Bh5 38. Rxf4 Qxf4 39. Qe4 Qc1+ 40. Ng1 Qg5 0-1

[Event "BCF-ch 82nd"]
[Site "Swansea"]
[Date "1995.??.??"]
[Round "?"]
[White "Lawton, Geoffrey W"]
[Black "Cobb, Charles"]
[Result "0-1"]
[WhiteElo "2385"]
[BlackElo "2170"]
[PlyCount "69"]
[EventDate "1995.08.??"]
[EventType "swiss"]
[EventRounds "11"]
[EventCountry "WLS"]
[SourceTitle "EXT 2002"]
[Source "ChessBase"]
[SourceDate "2001.11.25"]
[SourceVersion "1"]
[SourceVersionDate "2001.11.25"]
[SourceQuality "1"]

1. d4 e6 2. c4 Nf6 3. Nc3 Bb4 4. Qc2 d5 5. e3 c5 6. a3 Bxc3+ 7. bxc3 0-0 8. Nf3 Nc6 9. Bd3 dxc4 10. Bxc4 Qc7 11. 0-0 e5 12. Bd3 Re8 13. dxe5 Nxe5 14. Nxe5 Qxe5 15. f3 Bd7 16. Re1 Bc6 17. Bf1 Rad8 18. Bd2 h5 19. e4 h4 20. Be3 Rd7 21. Qf2 b6 22. c4 Qh5 23. a4 Nh7 24. a5 Ng5 25. axb6 axb6 26. Rab1 Rb7 27. Red1 Qg6 28. Kh1 h3 29. Qg3 Nxe4 30. Qxg6 fxg6 31. fxe4 Bxe4 32. Rb3 Bc2 33. Rdb1 Bxb1 34. Rxb1 Rxe3 35. gxh3 0-1

[Event "Maidenhead op"]
[Site "Maidenhead"]
[Date "1995.??.??"]
[Round "?"]
[White "Lawton, Geoffrey W"]
[Black "Cummings, David H"]
[Result "1-0"]
[WhiteElo "2385"]
[BlackElo "2375"]
[PlyCount "83"]
[EventDate "1995.??.??"]
[EventType "swiss"]
[EventRounds "5"]
[EventCountry "ENG"]
[SourceTitle "EXT 1998"]
[Source "ChessBase"]
[SourceDate "1997.11.17"]
[SourceVersion "1"]
[SourceVersionDate "1997.11.17"]
[SourceQuality "1"]

1. d4 Nf6 2. Nf3 g6 3. c4 Bg7 4. Nc3 0-0 5. e4 d6 6. Be2 e5 7. d5 a5 8. Bg5 h6 9. Bh4 Na6 10. 0-0 Bd7 11. b3 Nc5 12. Nd2 Nfxe4 13. Bxd8 Nxc3 14. Qe1 Rfxd8 15. Nb1 Nxe2+ 16. Qxe2 e4 17. Nd2 Bxa1 18. Rxa1 Re8 19. Qe3 Kh7 20. a3 f5 21. Qd4 b6 22. Re1 Nd3 23. Re3 Ne5 24. h3 g5 25. Nb1 Rf8 26. Nc3 Rf7 27. Ne2 Re8 28. Nc3 Ra8 29. Kh2 g4 30. Ne2 gxh3 31. Rxh3 f4 32. Rh5 Ng4+ 33. Kg1 Re8 34. f3 exf3 35. gxf3 Ne3 36. Nxf4 Nf5 37. Qd3 Re3 38. Qc2 Rxf3 39. Ne6 Rg3+ 40. Kf2 Rc3 41. Qe4 Re3 42. Rxf5 1-0

[Event "BCF-ch 81st"]
[Site "Norwich"]
[Date "1994.??.??"]
[Round "3"]
[White "Knox, David"]
[Black "Lawton, Geoffrey W"]
[Result "1-0"]
[WhiteElo "2210"]
[BlackElo "2375"]
[PlyCount "77"]
[EventDate "1994.08.??"]
[EventType "swiss"]
[EventRounds "11"]
[EventCountry "ENG"]
[SourceTitle "EXT 2000"]
[Source "ChessBase"]
[SourceDate "1999.11.16"]
[SourceVersion "1"]
[SourceVersionDate "1999.11.16"]
[SourceQuality "1"]

1. a3 d5 2. Nf3 c6 3. d4 Bg4 4. Ne5 Bf5 5. g4 Bc8 6. h3 Nf6 7. c4 e6 8. Nc3 Nbd7 9. Bf4 dxc4 10. Bg2 Nd5 11. Bg3 N7b6 12. e4 Nxc3 13. bxc3 Bd6 14. f4 Qc7 15. g5 c5 16. Qh5 Bxe5 17. dxe5 Bd7 18. f5 exf5 19. 0-0 g6 20. Qh4 f4 21. Rxf4 Be6 22. Rd1 Nd7 23. Bf3 0-0 24. Kg2 Qxe5 25. Rxd7 Bxd7 26. Qxh7+ Kxh7 27. Rh4+ Kg8 28. Bxe5 f6 29. Bxf6 Rxf6 30. gxf6 Be6 31. e5 Rb8 32. Be4 b5 33. Bxg6 a5 34. Rh7 b4 35. f7+ Bxf7 36. Rxf7 Rb6 37. Rf6 bxa3 38. Bf7+ Kg7 39. Bxc4 1-0

[Event "Nottingham Chessforce"]
[Site "Nottingham"]
[Date "1987.??.??"]
[Round "6"]
[White "Crouch, Colin S"]
[Black "Lawton, Geoffrey W"]
[Result "1-0"]
[WhiteElo "2310"]
[BlackElo "2385"]
[PlyCount "151"]
[EventDate "1987.??.??"]
[EventType "tourn"]
[EventRounds "9"]
[EventCountry "ENG"]
[EventCategory "2"]
[SourceTitle "EXT 2002"]
[Source "ChessBase"]
[SourceDate "2001.11.25"]
[SourceVersion "1"]
[SourceVersionDate "2001.11.25"]
[SourceQuality "1"]

1. d4 Nf6 2. c4 g6 3. Nc3 Bg7 4. e4 d6 5. Nf3 0-0 6. Be2 e5 7. dxe5 dxe5 8. Qxd8 Rxd8 9. Bg5 Na6 10. Nd5 Rd6 11. Bxf6 Bxf6 12. Nxf6+ Rxf6 13. Nxe5 Re6 14. f4 Nc5 15. 0-0-0 f6 16. Ng4 Nxe4 17. Rd8+ Kg7 18. Bf3 Nd6 19. c5 Nf7 20. Rd2 c6 21. Nf2 Re7 22. a3 g5 23. g3 Be6 24. Re1 Rae8 25. Rde2 Kf8 26. b4 Bc4 27. Rxe7 Rxe7 28. Rxe7 Kxe7 29. Kd2 Nd8 30. Ne4 gxf4 31. Nd6 Be6 32. gxf4 b6 33. f5 Bd7 34. Bh5 Kf8 35. Ke3 Ke7 36. Kf4 Kf8 37. a4 bxc5 38. bxc5 a5 39. Ke4 Ke7 40. Ke3 Kf8 41. Kd4 Ke7 42. Kc4 Kf8 43. Kc3 Ke7 44. Kb2 Kf8 45. Ka3 Ke7 46. Be2 Nf7 47. Nc4 Bxf5 48. Nxa5 Kd7 49. Nc4 Kc7 50. a5 Be6 51. Kb4 Ne5 52. Nxe5 fxe5 53. Bd3 h6 54. Kc3 Kb7 55. Kd2 Ka7 56. Ke3 Bd5 57. Kf2 Kb7 58. Kg3 Ka7 59. Kg4 Be6+ 60. Kh5 Bh3 61. Kxh6 e4 62. Bxe4 Ka6 63. Bxc6 Kxa5 64. Be4 Kb5 65. c6 Kb6 66. Kg5 Kc7 67. Bf5 Bf1 68. Bd7 Kd6 69. h4 Ke7 70. h5 Bb5 71. h6 Kf8 72. Kf6 Kg8 73. Be6+ Kh7 74. c7 Ba6 75. Ke7 Kxh6 76. Kd6 1-0

[Event "BCF-ch"]
[Site "Swansea"]
[Date "1987.??.??"]
[Round "?"]
[White "Lawton, Geoffrey W"]
[Black "Hergott, Deen"]
[Result "1/2-1/2"]
[WhiteElo "2375"]
[BlackElo "2305"]
[PlyCount "88"]
[EventDate "1987.08.??"]
[EventType "swiss"]
[EventRounds "11"]
[EventCountry "WLS"]
[SourceTitle "TD"]
[Source "ChessBase"]
[SourceDate "1994.03.01"]
[SourceVersion "1"]
[SourceVersionDate "1994.03.01"]
[SourceQuality "1"]

1. e4 e6 2. d4 d5 3. Nd2 Nf6 4. e5 Nfd7 5. f4 c5 6. c3 Nc6 7. Ndf3 Qb6 8. g3 cxd4 9. cxd4 Bb4+ 10. Kf2 f6 11. Kg2 0-0 12. h4 Be7 13. Rh2 Rf7 14. Kh1 fxe5 15. fxe5 Nxd4 16. Be3 Nxf3 17. Bxb6 Nxh2 18. Kxh2 axb6 19. Nf3 Nc5 20. a3 Bd7 21. Bg2 Ne4 22. Qe2 Rc8 23. Rf1 Rcf8 24. b4 Rc8 25. Nd4 Rxf1 26. Qxf1 Rc3 27. Bxe4 dxe4 28. Qe1 Rxa3 29. Qxe4 Ra2+ 30. Kh3 Rd2 31. Nf3 Rd5 32. h5 h6 33. Nh4 Bxh4 34. Kxh4 Bc6 35. Qe3 Rb5 36. Qc3 Rd5 37. Qe3 Rb5 38. Qc3 Rd5 39. Kg4 b5 40. Kh4 Rd1 41. Qc5 Rh1+ 42. Kg4 Rf1 43. Kh4 Rh1+ 44. Kg4 Rf1 1/2-1/2

[Event "Midland-ch Forrest Cup"]
[Site "Derby"]
[Date "1986.03.09"]
[Round "6"]
[White "Lawton, Geoffrey W"]
[Black "Arkell, Keith C"]
[Result "1-0"]
[WhiteElo "2365"]
[BlackElo "2375"]
[PlyCount "111"]
[EventDate "1986.03.07"]
[EventType "swiss"]
[EventRounds "6"]
[EventCountry "ENG"]
[SourceTitle "EXT 2019"]
[Source "ChessBase"]
[SourceDate "2018.10.10"]
[SourceVersion "1"]
[SourceVersionDate "2018.10.10"]
[SourceQuality "1"]

1. e4 c6 2. d4 d5 3. exd5 cxd5 4. c4 Nf6 5. Nc3 g6 6. Qb3 Bg7 7. cxd5 0-0 8. Be2 Nbd7 9. Bf3 Nb6 10. Nge2 a5 11. Bf4 a4 12. Qb5 Ne8 13. 0-0 Nd6 14. Qd3 Bf5 15. Qd1 Ndc4 16. b3 axb3 17. axb3 Rxa1 18. Qxa1 Nd6 19. Qa3 Bd3 20. Rd1 Ba6 21. Ng3 Qd7 22. Qb4 Nbc8 23. Nge4 Nxe4 24. Nxe4 Qf5 25. Bc7 g5 26. h3 h5 27. Nc5 g4 28. Be4 Qg5 29. hxg4 hxg4 30. Nd7 Re8 31. Qa4 Be2 32. Re1 b5 33. Qa1 Qd2 34. Qc1 Qxc1 35. Rxc1 b4 36. Re1 Bb5 37. Bf5 g3 38. Bxg3 Rd8 39. Ne5 Bf6 40. Bg4 Nb6 41. Nc6 Rxd5 42. Nxe7+ Bxe7 43. Rxe7 Bd7 44. Bxd7 Nxd7 45. Re4 f5 46. Rh4 Nf6 47. Be5 Nd7 48. Rf4 Ra5 49. Rxf5 Ra1+ 50. Kh2 Rb1 51. Rf3 Nb6 52. Rg3+ Kf7 53. Rg7+ Kf8 54. Rb7 Nd5 55. Rb5 Nc3 56. Rxb4 1-0